00623nam a2200157 a 450000100100000000500170001000800410002704000250006810000320009324500890012526000490021430000480026370000320031195201050034399900170044800004430120201002045259.0140613s1964 dr ac 000 0 spa d aDO-SdBNPbspacBNPHU1 aCarrera, Gustavo Luis9900614aLos tambores de san juan /cGustavo Luis Carrera; totografías Federico Vetencourt. aSanto Domingo :bUniversidad Central,c1964. avarias paginaciones :bil. retrs. ;c21 cm.12aVetencourt, Federico972307 0010718PDaPDbPDcCTd2014-06-13iLF1l0o p44301-10r2020-06-25w2020-06-25yLFPDZNo se presta c43790d43790